[Event "O Pohár mìsta Øíèany 2014 - OPEN A"]
[Site "Øíèany"]
[Date "2014.08.30"]
[Round "9.1"]
[White "Svatos, Jan"]
[Black "Kulhanek, Tomas"]
[Result "0-1"]
[WhiteElo "2233"]
[BlackElo "2333"]
[PlyCount "124"]
[EventDate "2014.??.??"]

1. d4 d6 2. e4 Nf6 3. Nc3 g6 4. Bc4 Bg7 5. Qe2 Nc6 6. e5 Nd7 7. Bxf7+ Kxf7 8.
e6+ Ke8 9. exd7+ Bxd7 10. Nf3 Bg4 11. Qb5 Bxf3 12. gxf3 Qd7 13. Be3 Bxd4 14.
Nd5 Bxe3 15. fxe3 Rb8 16. O-O-O Rf8 17. f4 a6 18. Qc4 e6 19. Nc3 Qf7 20. h4 d5
21. Qe2 h5 22. Kb1 Rd8 23. Rhg1 Kd7 24. Qd3 Rg8 25. e4 d4 26. Ne2 Kc8 27. Rg5
Kb8 28. Qc4 Qe7 29. Nxd4 Nxd4 30. Rxd4 Rxd4 31. Qxd4 Rd8 32. Qg1 Qd6 33. a3
Qxf4 34. Rxg6 Qxe4 35. Rg8 Qxh4 36. b3 Qf6 37. Rg6 Qf5 38. Rg7 b6 39. Qh2 e5
40. Qh4 Rd1+ 41. Kb2 Qf4 42. Qxf4 exf4 43. Rf7 Rd8 44. Rxf4 Rh8 45. Rh4 Kc8 46.
Kc3 Kd7 47. Kd4 Ke6 48. Ke4 Kf6 49. Kd5 Kg5 50. Rh1 Kf4 51. Kc6 Rh7 52. b4 h4
53. c4 Kg3 54. c5 bxc5 55. bxc5 h3 56. Rg1+ Kf2 57. Rc1 h2 58. a4 a5 59. Kb5
h1=Q 60. Rxh1 Rxh1 61. Kxa5 Rb1 62. Ka6 Ke3 0-1

[Event "O Pohár mìsta Øíèany 2014 - OPEN A"]
[Site "Øíèany"]
[Date "2014.08.30"]
[Round "9.2"]
[White "Vanka, Miloslav"]
[Black "Gregor, Jiri"]
[Result "1/2-1/2"]
[WhiteElo "2135"]
[BlackElo "2262"]
[PlyCount "30"]
[EventDate "2014.??.??"]

1. e4 e6 2. d3 d5 3. Nd2 c5 4. Ngf3 Nc6 5. g3 Nf6 6. Bg2 Be7 7. O-O O-O 8. Re1
b5 9. e5 Nd7 10. h4 a5 11. Nf1 Ba6 12. Bf4 Kh8 13. N1h2 b4 14. Ng5 Qe8 15. Qh5
Bxg5 1/2-1/2

[Event "O Pohár mìsta Øíèany 2014 - OPEN A"]
[Site "Øíèany"]
[Date "2014.08.30"]
[Round "9.4"]
[White "Korsa, Jindrich"]
[Black "Bednar, Marcel"]
[Result "0-1"]
[WhiteElo "2134"]
[BlackElo "2300"]
[PlyCount "66"]
[EventDate "2014.??.??"]

1. e4 c5 2. Nc3 e6 3. d3 d5 4. g4 dxe4 5. Nxe4 Nc6 6. Bg2 Nge7 7. Nf3 Nd5 8.
O-O e5 9. g5 Be7 10. a3 O-O 11. Be3 b6 12. c4 Nc7 13. Nc3 Rb8 14. Qd2 Bg4 15.
Rae1 Bd6 16. Nh4 Nd4 17. Bxd4 cxd4 18. Ne4 Ne6 19. h3 Bh5 20. Nf5 Bc7 21. Nfg3
Bg6 22. h4 Nf4 23. Qd1 h6 24. Kh2 f5 25. gxf6 gxf6 26. h5 Bh7 27. Qg4+ Kh8 28.
Qf3 f5 29. Nd2 Qh4+ 30. Kg1 Nxg2 31. Kxg2 f4 32. Rh1 Qg5 33. Nde4 Qg7 0-1

[Event "O Pohár mìsta Øíèany 2014 - OPEN A"]
[Site "Øíèany"]
[Date "2014.08.30"]
[Round "9.5"]
[White "Starek, Stanislav"]
[Black "Vojta, Pavel"]
[Result "1/2-1/2"]
[WhiteElo "2123"]
[BlackElo "2225"]
[PlyCount "55"]
[EventDate "2014.??.??"]

1. d4 Nf6 2. c4 e6 3. Nc3 d5 4. cxd5 exd5 5. Bg5 Be7 6. e3 c6 7. Bd3 h6 8. Bf4
O-O 9. Qc2 Nbd7 10. Nge2 Re8 11. O-O Nh5 12. Nxd5 Nxf4 13. Nxe7+ Qxe7 14. Nxf4
Nf6 15. Rac1 g5 16. Ne2 Nd5 17. Nc3 Be6 18. a3 Rad8 19. Ne4 a6 20. Qc5 Qc7 21.
Ng3 Nf6 22. f3 Rd5 23. Qc3 Qd8 24. Be4 Rb5 25. b4 a5 26. Bd3 axb4 27. axb4 Nd5
28. Qd2 1/2-1/2

[Event "O Pohár mìsta Øíèany 2014 - OPEN A"]
[Site "Øíèany"]
[Date "2014.08.30"]
[Round "9.6"]
[White "Hradecky, Ivo"]
[Black "Lacza, Tibor"]
[Result "1/2-1/2"]
[WhiteElo "2090"]
[BlackElo "2067"]
[PlyCount "27"]
[EventDate "2014.??.??"]

1. c4 e5 2. Nc3 Nf6 3. g3 Bb4 4. Nf3 Nc6 5. Bg2 O-O 6. O-O Bxc3 7. bxc3 d6 8.
d3 h6 9. Rb1 Rb8 10. Nd2 Bd7 11. Re1 b6 12. Nb3 Ne7 13. d4 c5 14. d5 1/2-1/2

[Event "O Pohár mìsta Øíèany 2014 - OPEN A"]
[Site "Øíèany"]
[Date "2014.08.30"]
[Round "9.7"]
[White "Havelka, Jan"]
[Black "Krivanek, Vladimir"]
[Result "0-1"]
[WhiteElo "1891"]
[BlackElo "2157"]
[PlyCount "90"]
[EventDate "2014.??.??"]

1. e4 Nf6 2. e5 Nd5 3. d4 d6 4. Bc4 Nb6 5. Bb3 d5 6. Ne2 e6 7. c3 c5 8. O-O Nc6
9. Nd2 cxd4 10. cxd4 Be7 11. Nf3 O-O 12. Bc2 f6 13. exf6 Bxf6 14. Bf4 Bd7 15.
a3 Rc8 16. Ne5 Bxe5 17. dxe5 Be8 18. Bg3 Bh5 19. f3 Nc4 20. Nd4 Nxd4 21. Qxd4
Qb6 22. Qxb6 axb6 23. Ba4 Be8 24. Bxe8 Rfxe8 25. b3 Nd2 26. Rfd1 Nxb3 27. Rab1
Na5 28. Rxb6 Rc6 29. Rxc6 bxc6 30. Rb1 Ra8 31. Rb6 Kf7 32. Be1 Nc4 33. Rxc6
Rxa3 34. Rc7+ Kg6 35. Re7 Ra1 36. Kf2 Ra2+ 37. Kg3 Ne3 38. Rxe6+ Kf5 39. Re8
Rxg2+ 40. Kh3 Rg6 41. Rf8+ Kxe5 42. Re8+ Kf4 43. Rf8+ Rf6 44. Rh8 Rh6+ 45. Bh4
Nf5 0-1

[Event "O Pohár mìsta Øíèany 2014 - OPEN A"]
[Site "Øíèany"]
[Date "2014.08.30"]
[Round "9.8"]
[White "Postupa, Pavel"]
[Black "Skacel, Jan"]
[Result "1-0"]
[WhiteElo "2260"]
[BlackElo "2075"]
[PlyCount "99"]
[EventDate "2014.??.??"]

1. e4 c5 2. Nf3 Nc6 3. Bb5 g6 4. O-O Bg7 5. Re1 d6 6. c3 Bd7 7. h4 a6 8. Bf1 e5
9. Na3 b5 10. Nc2 Nf6 11. d4 O-O 12. dxc5 dxc5 13. Qd6 c4 14. Nxe5 Nxe5 15.
Qxe5 Re8 16. Qf4 Bc6 17. f3 Nh5 18. Qd2 Qc7 19. g4 Rad8 20. Qf2 Nf4 21. Be3 Nd3
22. Bxd3 cxd3 23. Nb4 Bb7 24. Red1 Qc4 25. Rac1 Rxe4 26. Rxd3 Rxd3 27. Nxd3
Qxd3 28. fxe4 Qxe4 29. Kf1 Qh1+ 30. Ke2 Qh3 31. Rg1 Be5 32. Bf4 Bf6 33. Qg3
Qxg3 34. Rxg3 g5 35. Bc7 Bc8 36. Kd3 Kg7 37. b3 Kg6 38. c4 Be7 39. Kd4 bxc4 40.
bxc4 Be6 41. Rg2 f5 42. gxf5+ Kxf5 43. Rf2+ Kg6 44. Be5 h5 45. c5 Bd8 46. Rb2
g4 47. c6 Bf6 48. c7 g3 49. Bxf6 Kxf6 50. Rb3 1-0

[Event "O Pohár mìsta Øíèany 2014 - OPEN A"]
[Site "Øíèany"]
[Date "2014.08.30"]
[Round "9.9"]
[White "Cerny, Martin"]
[Black "Krejci, Martin"]
[Result "1-0"]
[WhiteElo "2184"]
[BlackElo "2059"]
[PlyCount "67"]
[EventDate "2014.??.??"]

1. d4 Nf6 2. c4 g6 3. Nc3 d5 4. Nf3 Bg7 5. Bg5 Ne4 6. Bf4 Nxc3 7. bxc3 c5 8. e3
O-O 9. cxd5 cxd4 10. cxd4 Qxd5 11. Be2 Nc6 12. O-O Re8 13. Qa4 Bd7 14. Qa3 Bg4
15. h3 g5 16. Bg3 Bh5 17. Rab1 a6 18. Rfc1 Bg6 19. Rb6 h6 20. Qb2 Be4 21. Rc5
Qe6 22. Nd2 Bd5 23. Bf3 Bxf3 24. Nxf3 Rac8 25. Qb1 g4 26. d5 Qg6 27. Qxg6 fxg6
28. hxg4 Ne5 29. Bxe5 Rxc5 30. Rxg6 Rxd5 31. Rxg7+ Kf8 32. Rh7 Kg8 33. Rxh6
Red8 34. g5 1-0

[Event "O Pohár mìsta Øíèany 2014 - OPEN A"]
[Site "Øíèany"]
[Date "2014.08.30"]
[Round "9.10"]
[White "Simecek, Bohumil"]
[Black "Vyprachticky, David"]
[Result "1/2-1/2"]
[WhiteElo "2058"]
[BlackElo "2121"]
[PlyCount "63"]
[EventDate "2014.??.??"]

1. d4 Nf6 2. c4 g6 3. Nc3 Bg7 4. e4 d6 5. f3 O-O 6. Be3 e5 7. d5 Nh5 8. Qd2
Qh4+ 9. Bf2 Qe7 10. O-O-O a6 11. Be3 b5 12. cxb5 axb5 13. Bxb5 Bd7 14. Kb1 Na6
15. Nge2 Rfb8 16. Bxd7 Qxd7 17. g4 Nf4 18. Nxf4 exf4 19. Bd4 Be5 20. h4 Nb4 21.
h5 Nxa2 22. Bxe5 dxe5 23. Nxa2 Qa4 24. b4 Qb3+ 25. Qb2 Qxf3 26. Qxe5 Re8 27.
Qb2 Ra3 28. Qc2 Rea8 29. hxg6 fxg6 30. Rhf1 Qg3 31. Rg1 Qe3 32. Rge1 1/2-1/2

[Event "O Pohár mìsta Øíèany 2014 - OPEN A"]
[Site "Øíèany"]
[Date "2014.08.30"]
[Round "9.11"]
[White "Vavrinec, Tomas"]
[Black "Rut, Vojtech"]
[Result "1-0"]
[WhiteElo "2044"]
[BlackElo "2119"]
[PlyCount "55"]
[EventDate "2014.??.??"]

1. Nf3 f5 2. c4 Nf6 3. g3 g6 4. Bg2 d6 5. d3 e5 6. Nc3 Bg7 7. O-O O-O 8. Rb1 a5
9. a3 Nc6 10. b4 axb4 11. axb4 h6 12. b5 Ne7 13. Bb2 g5 14. c5 Be6 15. b6 c6
16. Ra1 Ng6 17. Rxa8 Qxa8 18. cxd6 Nd7 19. Qc2 Nxb6 20. Ra1 Qe8 21. Na4 Nxa4
22. Rxa4 Qf7 23. Qc5 Re8 24. Ra7 Bd5 25. Qb6 g4 26. Rxb7 Qf6 27. d7 Rd8 28. Rb8
1-0

[Event "O Pohár mìsta Øíèany 2014 - OPEN A"]
[Site "Øíèany"]
[Date "2014.08.30"]
[Round "9.12"]
[White "Pospisil, Evzen"]
[Black "Voracek, Zdenek"]
[Result "1/2-1/2"]
[WhiteElo "2104"]
[BlackElo "2020"]
[PlyCount "137"]
[EventDate "2014.??.??"]

1. d4 d5 2. Nf3 Nf6 3. g3 e6 4. Bg2 Be7 5. O-O O-O 6. Nbd2 b6 7. c4 Bb7 8. b3
c5 9. Bb2 Nc6 10. e3 Rc8 11. Ne5 dxc4 12. Ndxc4 Nxe5 13. Bxb7 Nxc4 14. bxc4 Rc7
15. Ba6 Qa8 16. Qe2 Qe4 17. f3 Qg6 18. Kf2 Qh5 19. h4 cxd4 20. exd4 Qa5 21. c5
bxc5 22. Rfc1 cxd4 23. Bxd4 Rd8 24. Rxc7 Qxc7 25. Be3 Bc5 26. Rc1 Bxe3+ 27.
Qxe3 Qa5 28. Qe2 g6 29. Rc2 Nd5 30. Qb5 Qa3 31. Bb7 Nb4 32. Re2 Nd3+ 33. Kg2
Qc5 34. Qxc5 Nxc5 35. Bc6 Rd6 36. Bb5 Rb6 37. Bc4 Rb4 38. Rc2 Rb7 39. Kf2 Kf8
40. Ke2 Ke7 41. Ke3 h6 42. Kf4 Nd7 43. Bb3 Rb4+ 44. Ke3 Kd6 45. Rd2+ Kc7 46.
Rc2+ Kd6 47. Rd2+ Kc6 48. Re2 Nc5 49. Kd2 Kb5 50. Kc3 a5 51. Rb2 Na4+ 52. Bxa4+
Kxa4 53. Re2 Ka3 54. Re5 a4 55. h5 g5 56. Ra5 Rb1 57. Ra7 f5 58. Kd4 Rg1 59.
Ra6 Rxg3 60. Rxe6 Rxf3 61. Rxh6 Rh3 62. Ke5 f4 63. Kf5 Rg3 64. Rd6 f3 65. Rd2
g4 66. h6 Rh3 67. Kxg4 Rxh6 68. Kxf3 Rb6 69. Ke3 1/2-1/2

[Event "O Pohár mìsta Øíèany 2014 - OPEN A"]
[Site "Øíèany"]
[Date "2014.08.30"]
[Round "9.13"]
[White "Hrdina, Robin"]
[Black "Skalicky, Tomas"]
[Result "1/2-1/2"]
[WhiteElo "2077"]
[BlackElo "2024"]
[PlyCount "21"]
[EventDate "2014.??.??"]

1. e4 d6 2. d4 Nf6 3. Nc3 e5 4. dxe5 dxe5 5. Qxd8+ Kxd8 6. Bg5 Be6 7. O-O-O+
Nbd7 8. Nd5 Kc8 9. f3 c6 10. Nc3 Kc7 11. g3 1/2-1/2

[Event "O Pohár mìsta Øíèany 2014 - OPEN A"]
[Site "Øíèany"]
[Date "2014.08.30"]
[Round "9.14"]
[White "Skala, Jaromir"]
[Black "Kohout, Vratislav"]
[Result "0-1"]
[WhiteElo "2006"]
[BlackElo "2119"]
[PlyCount "152"]
[EventDate "2014.??.??"]

1. d4 d5 2. c4 e5 3. dxe5 d4 4. Nf3 Nc6 5. g3 Bg4 6. Bg2 f6 7. exf6 Nxf6 8. O-O
Be7 9. a3 a5 10. b3 Qd7 11. Bb2 Rd8 12. Nbd2 O-O 13. Ne1 Ne5 14. Ndf3 Nc6 15.
Nd3 Bh3 16. Qc2 Bxg2 17. Kxg2 Qg4 18. Nf4 Nh5 19. Nxh5 Qxh5 20. Qe4 Bf6 21.
Qe6+ Kh8 22. Qh3 Qg6 23. Ne1 Rfe8 24. Nd3 Rxe2 25. Rad1 Qe4+ 26. Kg1 h6 27. Bc1
Ne5 28. Nxe5 Qxe5 29. Bf4 Qe7 30. Qf5 b6 31. h4 Re8 32. a4 c5 33. Rd3 Qe6 34.
Qxe6 R2xe6 35. h5 Bg5 36. Bxg5 hxg5 37. g4 Kh7 38. Kg2 g6 39. Rh1 Re4 40. Kg3
gxh5 41. Rxh5+ Kg6 42. Rh2 Re1 43. Rg2 R8e5 44. f3 R5e3 45. Rgd2 Kf6 46. Kf2
R1e2+ 47. Rxe2 Rxd3 48. Re8 Rxb3 49. Rd8 Rb4 50. Rd6+ Kf7 51. Rd5 Rxa4 52. Rxg5
Rxc4 53. Rf5+ Ke6 54. f4 a4 55. Re5+ Kd6 56. g5 a3 57. g6 a2 58. g7 a1=Q 59.
Re6+ Kxe6 60. g8=Q+ Kd6 61. Qxc4 Qb2+ 62. Kf1 b5 63. Qf7 Qc1+ 64. Kg2 Qd2+ 65.
Kf1 Qd3+ 66. Kg2 Qe2+ 67. Kg1 Qg4+ 68. Kf1 Qe6 69. Qf8+ Qe7 70. Qb8+ Kc6 71.
Qa8+ Kb6 72. Qb8+ Ka5 73. f5 d3 74. Qa8+ Kb4 75. Qf3 d2 76. Qd1 Qd6 0-1

[Event "O Pohár mìsta Øíèany 2014 - OPEN A"]
[Site "Øíèany"]
[Date "2014.08.30"]
[Round "9.15"]
[White "Tejkal, Jiri"]
[Black "Postupa, Martin"]
[Result "1/2-1/2"]
[WhiteElo "1941"]
[BlackElo "2085"]
[PlyCount "136"]
[EventDate "2014.??.??"]

1. d4 d5 2. c4 e6 3. Nc3 Nf6 4. Bf4 Bb4 5. e3 Nbd7 6. a3 Bxc3+ 7. bxc3 c5 8.
Nf3 Qa5 9. Qb3 Ne4 10. Rc1 cxd4 11. exd4 g5 12. Be5 f6 13. Bg3 h5 14. h3 O-O
15. Bh2 Nb6 16. Qb4 Qxb4 17. cxb4 a5 18. c5 Nd7 19. b5 e5 20. Be2 g4 21. hxg4
hxg4 22. Nh4 exd4 23. Nf5 Ndxc5 24. Nxd4 b6 25. f3 Ng5 26. O-O gxf3 27. Nxf3
Nge4 28. Nd4 Ra7 29. Nf5 Bxf5 30. Rxf5 Rd8 31. Bf3 Kg7 32. Rd1 Nc3 33. Rd4 Ne6
34. Rg4+ Kf7 35. Be5 Nxb5 36. Bxf6 Nd6 37. Bxd8+ Nxf5 38. Bxd5 Rd7 39. Bxe6+
Kxe6 40. Bxb6 Rd3 41. Bxa5 Rxa3 42. Bb6 Rb3 43. Bf2 Rb1+ 44. Kh2 Ke5 45. Bg3+
Kf6 46. Bh4+ Ke6 47. Rg6+ Ke5 48. Bg3+ Kd5 49. Rg8 Rb3 50. Bf2 Nh6 51. Rg6 Nf5
52. Rg8 Ke6 53. Rg6+ Kf7 54. Rg4 Nh6 55. Rg3 Rb4 56. Rf3+ Kg6 57. Rc3 Ng4+ 58.
Kg3 Nf6 59. Rc6 Kf5 60. Be1 Rb3+ 61. Kf2 Ng4+ 62. Ke2 Re3+ 63. Kd2 Re5 64. Ra6
Nf6 65. Kd1 Ng4 66. Ra5 Ne3+ 67. Kc1 Nxg2 68. Rxe5+ Kxe5 1/2-1/2

[Event "O Pohár mìsta Øíèany 2014 - OPEN A"]
[Site "Øíèany"]
[Date "2014.08.30"]
[Round "9.16"]
[White "Havelka, Josef"]
[Black "Pychova, Nela"]
[Result "1-0"]
[WhiteElo "2019"]
[BlackElo "2006"]
[PlyCount "54"]
[EventDate "2014.??.??"]

1. e4 c6 2. d4 d5 3. e5 Bf5 4. h4 h6 5. g4 Bh7 6. e6 fxe6 7. Bd3 g6 8. Nf3 Bg7
9. Bf4 Qb6 10. Nbd2 Bxd4 11. Qe2 Nd7 12. c3 Qxb2 13. O-O Qxc3 14. Rac1 Bxf2+
15. Kxf2 Qf6 16. Kg3 g5 17. hxg5 hxg5 18. Bxg5 Bxd3 19. Qxd3 Qg7 20. Qb3 O-O-O
21. Rb1 b6 22. Qa4 Kb7 23. Nb3 Nb8 24. Nc5+ Kc8 25. Qxa7 Rd7 26. Qxb6 Na6 27.
Qxc6+ Kd8 1-0

[Event "O Pohár mìsta Øíèany 2014 - OPEN A"]
[Site "Øíèany"]
[Date "2014.08.30"]
[Round "9.17"]
[White "Kratky, Josef"]
[Black "Pycha, Patrik"]
[Result "0-1"]
[WhiteElo "2009"]
[BlackElo "2002"]
[PlyCount "166"]
[EventDate "2014.??.??"]

1. Nf3 Nf6 2. c4 c6 3. g3 d5 4. b3 Bf5 5. Bg2 e6 6. O-O Nbd7 7. Bb2 Bd6 8. d3
h5 9. e4 dxe4 10. dxe4 Nxe4 11. Nd4 Bc5 12. Nxf5 exf5 13. Qe2 Qe7 14. Nd2 Ndf6
15. Nxe4 Nxe4 16. Rad1 Kf8 17. Qf3 Qe6 18. a3 a5 19. Qf4 Re8 20. Bh3 g5 21.
Qxf5 Qxf5 22. Bxf5 Rh6 23. Kg2 Nd6 24. Bd3 Rhe6 25. Bc3 Bxa3 26. Bxa5 c5 27.
Bc3 Ra8 28. h3 Bb4 29. Bxb4 cxb4 30. c5 Ne4 31. Bc4 Rf6 32. Bd5 Nxc5 33. Rc1
Ra5 34. Ra1 Ra3 35. Bc4 b5 36. Rxa3 bxa3 37. Bxb5 Nxb3 38. Ba4 Nc5 39. Bb5 Rb6
40. Bc4 Rb4 41. Bd5 Rd4 42. Ba2 Rd2 43. Bc4 Rc2 44. Bd5 Rd2 45. Bc4 Ne4 46. Kg1
a2 47. h4 gxh4 48. gxh4 Nc3 49. Kg2 Rb2 50. Ra1 Ke7 51. Kg3 Kf6 52. Kg2 Rb4 53.
Bd3 Rxh4 54. Kg3 Rd4 55. Bc2 Rd2 56. Bb3 Rb2 57. Bc4 Ne4+ 58. Kf4 Nc3 59. Kg3
Rb1 60. Rxa2 Nxa2 61. Bxa2 Rg1+ 62. Kh3 Kg6 63. Bd5 f6 64. Kh4 Rg4+ 65. Kh3 Rd4
66. Bc6 Kg5 67. Bb5 Rd2 68. Kg2 Kf4 69. Bc6 Rd3 70. Bb5 Rd8 71. Bc4 Rd7 72. Be2
Rg7+ 73. Kh3 f5 74. Kh2 Ke4 75. Kh3 Kf4 76. Kh2 h4 77. Kh3 Rh7 78. Bb5 Kf3 79.
Bd3 Rh5 80. Bc4 Kxf2 81. Bf7 Rg5 82. Kxh4 Rg7 83. Bd5 f4 0-1

[Event "O Pohár mìsta Øíèany 2014 - OPEN A"]
[Site "Øíèany"]
[Date "2014.08.30"]
[Round "9.18"]
[White "Kolasin, Jan"]
[Black "Jelinek, Michal"]
[Result "1-0"]
[WhiteElo "2008"]
[BlackElo "1946"]
[PlyCount "47"]
[EventDate "2014.??.??"]

1. e4 e6 2. d4 d5 3. Nd2 c5 4. exd5 Qxd5 5. Ngf3 cxd4 6. Bc4 Qd6 7. Qe2 Nf6 8.
Nb3 Nc6 9. Bg5 Be7 10. O-O-O e5 11. Rhe1 Bg4 12. Bb5 h6 13. Bxf6 gxf6 14. Nbxd4
Qc7 15. Nxc6 bxc6 16. Qc4 Bxf3 17. gxf3 Rc8 18. Ba4 Qb6 19. Bb3 Rf8 20. f4 Qxf2
21. fxe5 Rc7 22. exf6 Qxf6 23. Qd3 Qf4+ 24. Kb1 1-0

[Event "O Pohár mìsta Øíèany 2014 - OPEN A"]
[Site "Øíèany"]
[Date "2014.08.30"]
[Round "9.19"]
[White "Kubikova, Hana"]
[Black "Prochazka, Petr"]
[Result "1-0"]
[WhiteElo "2172"]
[BlackElo "1841"]
[PlyCount "63"]
[EventDate "2014.??.??"]

1. d4 Nf6 2. Nf3 g6 3. g3 Bg7 4. Bg2 O-O 5. c4 c6 6. O-O d5 7. cxd5 cxd5 8. Nc3
e6 9. Bf4 Nc6 10. Rc1 Qa5 11. a3 Bd7 12. Qd3 a6 13. Bd6 Rfc8 14. Rfd1 Qd8 15.
b4 Be8 16. Bf4 h6 17. h3 Na7 18. Ne5 Nb5 19. Nb1 Nd6 20. Nc3 Nb5 21. Nxb5 Bxb5
22. Qd2 g5 23. Be3 Rxc1 24. Rxc1 Rc8 25. Rxc8 Qxc8 26. h4 Nh7 27. hxg5 hxg5 28.
f4 Qc7 29. Bf3 f6 30. Nd3 Bxd3 31. Qxd3 Qc4 32. Qxc4 1-0

[Event "O Pohár mìsta Øíèany 2014 - OPEN A"]
[Site "Øíèany"]
[Date "2014.08.30"]
[Round "9.20"]
[White "Fuskova, Martina"]
[Black "Petras, Milan"]
[Result "1-0"]
[WhiteElo "1948"]
[BlackElo "2046"]
[PlyCount "77"]
[EventDate "2014.??.??"]

1. e4 c6 2. d4 d5 3. e5 c5 4. Nf3 Nc6 5. c4 cxd4 6. Nxd4 Nxe5 7. cxd5 Qxd5 8.
Nc3 Qd8 9. Bf4 Nc6 10. Ndb5 e5 11. Nd5 Bd6 12. Bg5 f6 13. Nxd6+ Kf8 14. Nxf6
gxf6 15. Be3 Qa5+ 16. Bd2 Qc7 17. Bc4 h5 18. O-O Bg4 19. f3 Qxd6 20. Bxg8 Rxg8
21. fxg4 Rd8 22. Bh6+ Ke7 23. Qc2 f5 24. Qxf5 Qxh6 25. Qf7+ Kd6 26. Rf6+ Qxf6
27. Qxf6+ Kc7 28. gxh5 Rge8 29. h6 e4 30. Re1 e3 31. Qf4+ Kb6 32. Rxe3 Rd1+ 33.
Kf2 Rd2+ 34. Ke1 Red8 35. Rb3+ Kc5 36. Rc3+ Kb6 37. Rxc6+ Kxc6 38. Qxd2 Rxd2
39. Kxd2 1-0

[Event "O Pohár mìsta Øíèany 2014 - OPEN A"]
[Site "Øíèany"]
[Date "2014.08.30"]
[Round "9.21"]
[White "Vecera, Petr"]
[Black "Jandl, Vojtech"]
[Result "1/2-1/2"]
[WhiteElo "2045"]
[BlackElo "1881"]
[PlyCount "47"]
[EventDate "2014.??.??"]

1. e4 e5 2. Nf3 Nf6 3. Nc3 Bb4 4. Bc4 O-O 5. d3 d5 6. exd5 Nxd5 7. Bd2 Bxc3 8.
bxc3 Nc6 9. O-O Bg4 10. Re1 Re8 11. Rb1 Nb6 12. Bb5 Qf6 13. h3 Bd7 14. Ng5 a6
15. Bxc6 Bxc6 16. Qh5 h6 17. Ne4 Qe6 18. c4 Rad8 19. Bc3 Nd7 20. Ng3 Qd6 21.
Bb4 Qf6 22. Bc3 Qd6 23. Bb4 Qf6 24. Bc3 1/2-1/2

[Event "O Pohár mìsta Øíèany 2014 - OPEN A"]
[Site "Øíèany"]
[Date "2014.08.30"]
[Round "9.22"]
[White "Matejovsky, Ondrej"]
[Black "Vorackova, Jarmila"]
[Result "1-0"]
[WhiteElo "2014"]
[BlackElo "1936"]
[PlyCount "121"]
[EventDate "2014.??.??"]

1. e4 c6 2. d4 d5 3. exd5 cxd5 4. c3 Nc6 5. Bd3 Qc7 6. Ne2 e6 7. Bf4 Bd6 8. Bg3
Bd7 9. Nd2 Nge7 10. O-O O-O-O 11. Bxd6 Qxd6 12. Nb3 h5 13. Nc5 Kc7 14. b4 Bc8
15. Qa4 b6 16. Nb3 a6 17. Bxa6 Bxa6 18. Qxa6 Ra8 19. Qd3 Ra3 20. b5 Na5 21.
Nxa5 Rxa5 22. a4 Rha8 23. Qh7 Nf5 24. Qxh5 g6 25. Qf3 Rxa4 26. Rxa4 Rxa4 27. g4
Nh6 28. Qh3 Qf8 29. Rc1 Ra2 30. Qf3 Qa3 31. Qf4+ Kd7 32. Qxh6 Rxe2 33. Qf4 Ke8
34. c4 Re4 35. Qb8+ Ke7 36. Qc7+ Kf8 37. Qd8+ Kg7 38. Qg5 Rxg4+ 39. Qxg4 Qxc1+
40. Kg2 Qxc4 41. Qf4 Qxb5 42. Qe5+ Kh7 43. Qc7 Qe8 44. Qxb6 Qe7 45. Qc5 Qg5+
46. Kf3 Qf5+ 47. Kg3 g5 48. h3 Kg6 49. Qa7 Qf4+ 50. Kg2 Qe4+ 51. Kg1 Qf3 52.
Qb8 Qd1+ 53. Kg2 Qxd4 54. f3 Qf6 55. Qg8+ Qg7 56. Qd8 d4 57. Kf2 Kf5 58. Qd7
Qf6 59. Ke2 Kf4 60. Kf2 e5 61. Qg4# 1-0

[Event "O Pohár mìsta Øíèany 2014 - OPEN A"]
[Site "Øíèany"]
[Date "2014.08.30"]
[Round "9.23"]
[White "Hurtak, Otto"]
[Black "Lacha, Jan"]
[Result "1-0"]
[WhiteElo "1995"]
[BlackElo "1827"]
[PlyCount "33"]
[EventDate "2014.??.??"]

1. d4 d5 2. c4 Nc6 3. Nf3 Bg4 4. Nc3 dxc4 5. d5 Bxf3 6. exf3 Ne5 7. Bf4 Ng6 8.
Bxc4 Nf6 9. Bg3 a6 10. O-O Qd7 11. Qb3 O-O-O 12. Rac1 e5 13. dxe6 Qd4 14. Bxa6
Qb4 15. Nb5 Qxb3 16. Rxc7+ Kb8 17. Rxb7+ 1-0

[Event "O Pohár mìsta Øíèany 2014 - OPEN A"]
[Site "Øíèany"]
[Date "2014.08.30"]
[Round "9.24"]
[White "Hadrava, Jaroslav"]
[Black "Postupa st., Pavel"]
[Result "1/2-1/2"]
[WhiteElo "1918"]
[BlackElo "1981"]
[PlyCount "36"]
[EventDate "2014.??.??"]

1. e4 c5 2. Nf3 e6 3. c4 Nc6 4. Nc3 Nf6 5. Be2 d5 6. exd5 exd5 7. d4 Be6 8.
cxd5 Nxd5 9. O-O Nxc3 10. bxc3 Be7 11. Be3 O-O 12. Qa4 Qa5 13. Qxa5 Nxa5 14.
Rfd1 Bc4 15. Rd2 Rfd8 16. Ne5 cxd4 17. cxd4 Bxe2 18. Rxe2 Rac8 1/2-1/2

[Event "O Pohár mìsta Øíèany 2014 - OPEN A"]
[Site "Øíèany"]
[Date "2014.08.30"]
[Round "9.25"]
[White "Pavlicek, Petr"]
[Black "Fencl, Pavel"]
[Result "1/2-1/2"]
[WhiteElo "1894"]
[BlackElo "1974"]
[PlyCount "91"]
[EventDate "2014.??.??"]

1. d4 d5 2. c4 e6 3. Nf3 Nf6 4. g3 b6 5. Bg2 Bb7 6. O-O Be7 7. Qa4+ Qd7 8. Qc2
O-O 9. Bf4 c5 10. dxc5 Bxc5 11. Rd1 Qc8 12. Nbd2 dxc4 13. Nxc4 b5 14. Na3 Be4
15. Qd2 Qb7 16. Rac1 Nbd7 17. Bd6 Bxd6 18. Qxd6 Rfc8 19. Ne1 b4 20. Nc4 Bd5 21.
Ne5 Qb6 22. Qxb6 Nxb6 23. N1d3 a5 24. Nc5 Kf8 25. a3 Bxg2 26. Kxg2 Ke7 27. Ned3
bxa3 28. bxa3 Ra7 29. Rb1 Nbd5 30. Rdc1 Rac7 31. Rb7 Rxb7 32. Nxb7 Rxc1 33.
Nxc1 a4 34. Nd3 Nc3 35. Nb2 Nfd5 36. Kf3 e5 37. Nc5 f5 38. e4 Kd6 39. Ncxa4
Nxe4 40. Nc4+ Ke6 41. h4 Nec3 42. Nc5+ Kf6 43. Nd7+ Ke6 44. Ndxe5 Nc7 45. Nd3
g5 46. Ne3 1/2-1/2

[Event "O Pohár mìsta Øíèany 2014 - OPEN A"]
[Site "Øíèany"]
[Date "2014.08.30"]
[Round "9.28"]
[White "Koper, Stefan"]
[Black "Sochor, Martin"]
[Result "1/2-1/2"]
[WhiteElo "1954"]
[BlackElo "1867"]
[PlyCount "257"]
[EventDate "2014.??.??"]

1. d4 Nf6 2. c4 g6 3. Nc3 d5 4. Bg5 Ne4 5. cxd5 Nxg5 6. h4 Ne4 7. Nxe4 Qxd5 8.
Nc3 Qa5 9. h5 Bg7 10. e3 c5 11. Bb5+ Bd7 12. Bxd7+ Nxd7 13. hxg6 hxg6 14. Rxh8+
Bxh8 15. Nge2 Rd8 16. Qb3 cxd4 17. exd4 Qb6 18. Qxb6 Nxb6 19. O-O-O a6 20. Kc2
Nd5 21. a3 e6 22. Kd3 b5 23. Nxd5 Rxd5 24. Ke4 Ke7 25. f4 g5 26. g3 g4 27. Rc1
Kd7 28. Rf1 Rh5 29. f5 Rh2 30. fxe6+ fxe6 31. Ke3 e5 32. d5 Kd6 33. Nc3 Rxb2
34. Ne4+ Kxd5 35. Rd1+ Kc4 36. Rd3 Bg7 37. Rc3+ Kd5 38. Rc5+ Ke6 39. Rc6+ Kf5
40. Nd6+ Kg5 41. Rxa6 Rb3+ 42. Ke2 Bf8 43. Nf7+ Kf5 44. a4 bxa4 45. Rxa4 Rxg3
46. Ra5 Bg7 47. Nd6+ Kg6 48. Ra6 Rf3 49. Ne4+ Bf6 50. Rc6 Kf5 51. Nxf6 Kf4 52.
Rc4+ e4 53. Nd5+ Ke5 54. Ne3 Kf4 55. Nd5+ Ke5 56. Nc3 Rf4 57. Rc8 g3 58. Rg8
Rf2+ 59. Ke1 Kf4 60. Ne2+ Ke5 61. Rxg3 Rf8 62. Rg5+ Rf5 63. Rg8 Rf6 64. Ra8 Rd6
65. Nc3 Rd3 66. Re8+ Kf5 67. Ne2 Ra3 68. Rh8 Ra6 69. Kf2 Kg4 70. Ke3 Ra4 71.
Rf8 Ra2 72. Rf4+ Kg5 73. Rxe4 Ra3+ 74. Kd2 Ra2+ 75. Kd3 Ra3+ 76. Nc3 Ra8 77.
Re1 Rd8+ 78. Ke3 Re8+ 79. Ne4+ Kf5 80. Rf1+ Kg6 81. Rf6+ Kg7 82. Ra6 Rb8 83.
Kf4 Rb1 84. Ng5 Rf1+ 85. Nf3 Rb1 86. Kf5 Rf1 87. Ra7+ Kh6 88. Kg4 Rb1 89. Ra6+
Kg7 90. Kg5 Rb5+ 91. Kf4 Rb4+ 92. Kf5 Rb5+ 93. Ne5 Rb1 94. Ra7+ Kf8 95. Ng6+
Ke8 96. Ne5 Kd8 97. Ke6 Rd1 98. Rh7 Re1 99. Rb7 Kc8 100. Rh7 Kd8 101. Kd5 Rd1+
102. Kc5 Rc1+ 103. Nc4 Ke8 104. Kd5 Rd1+ 105. Ke6 Re1+ 106. Ne5 Kd8 107. Rd7+
Kc8 108. Rd5 Kb7 109. Kd6 Rb1 110. Nd7 Ka6 111. Kc6 Rc1+ 112. Nc5+ Ka7 113.
Rd7+ Kb8 114. Rb7+ Kc8 115. Rh7 Kd8 116. Rh5 Ke8 117. Kd6 Rd1+ 118. Ke5 Re1+
119. Ne4 Kd7 120. Rh6 Kc7 121. Kd5 Rd1+ 122. Kc4 Rc1+ 123. Nc3 Kd7 124. Kd4 Re1
125. Ne4 Rd1+ 126. Ke5 Re1 127. Rd6+ Kc7 128. Rd4 Rc1 129. Kd5 1/2-1/2

[Event "O Pohár mìsta Øíèany 2014 - OPEN A"]
[Site "Øíèany"]
[Date "2014.08.30"]
[Round "9.29"]
[White "Berg, Antonin"]
[Black "Vrtiakova, Anna"]
[Result "0-1"]
[WhiteElo "1853"]
[BlackElo "1954"]
[PlyCount "56"]
[EventDate "2014.??.??"]

1. e4 c5 2. Nf3 d6 3. d4 cxd4 4. Nxd4 Nf6 5. Nc3 a6 6. Be2 e5 7. Nb3 Be7 8. O-O
O-O 9. a4 Be6 10. Be3 Nbd7 11. f4 exf4 12. Rxf4 Ne5 13. Nd5 Bxd5 14. exd5 Re8
15. a5 Rc8 16. c4 Nfd7 17. Bd4 Bg5 18. Rf5 Nxc4 19. Bxc4 Rxc4 20. Rxf7 Rxd4 21.
Rxg7+ Kxg7 22. Nxd4 Be3+ 23. Kh1 Bxd4 24. Qg4+ Kh8 25. Qxd4+ Qf6 26. Qd2 Nc5
27. Qc3 Qxc3 28. bxc3 Nb3 0-1